| 000 | 010280am a22003130004500 | ||
|---|---|---|---|
| 003 | EG-GiCUC | ||
| 008 | 771018s1976 cc af 001 0 eng | ||
| 010 | _a 77484021 | ||
| 040 |
_aDLC _c DLC _d DLC |
||
| 041 | 1 | _aengchi | |
| 043 | _aa-cc--- | ||
| 050 | 0 | 0 |
_aDS773 _b.C5247 1976 |
| 092 | 0 | 4 |
_a951.03 _bC55959 _221 |
| 099 |
_a04 _a951.03 C55959 |
||
| 110 | 2 | _aChung-kuo chin tai shih ts{u00A2}{u00AF}ung shu pien hsieh tsu. | |
| 240 | 1 | 0 |
_aHsin hai ko ming. _lEnglish |
| 245 | 1 | 4 |
_aThe Revolution of 1911 / _cby the Compilation Group for the "History of Modern China" Series. |
| 250 | _a1st ed. | ||
| 260 |
_aPeking : _bForeign Languages Press, _c1976. |
||
| 300 |
_a174 p., [4] leaves of plates : _bill. ; _c19 cm. |
||
| 500 | _aIncludes index. | ||
| 500 | _aTranslation of Hsin hai ko ming. | ||
| 651 | 0 |
_aChina _xHistory _yRevolution, 1911-1912. |
|
| 902 | _a1 | ||
| 905 |
_aASMEEN _eCAT |
||
| 905 |
_aReda _eRev |
||
| 942 |
_2ddc _cBK |
||
| 999 |
_c107352 _d107352 |
||